[Event "GER-ch Net blitz qual2"]
[Site "Playchess.com INT"]
[Date "2021.05.04"]
[Round "1"]
[White "Kitschke, Heiko"]
[Black "Stein, Eugen"]
[Result "1-0"]
[WhiteElo "1782"]
[BlackElo "1245"]
[PlyCount "55"]
[EventDate "2021.05.04"]
[EventType "swiss (blitz)"]
[EventRounds "11"]
[EventCountry "GER"]
[SourceTitle "CBM 202 Extra"]
[Source "ChessBase"]
[SourceDate "2021.07.31"]
[SourceVersion "1"]
[SourceVersionDate "2021.07.31"]
[SourceQuality "1"]

1. e4 Nc6 2. Nf3 d5 3. exd5 Qxd5 4. Nc3 Qa5 5. d4 Bg4 6. Be2 0-0-0 7. Be3 Qh5 8. Qd2 f5 9. 0-0-0 Nf6 10. h3 Bxf3 11. Bxf3 Qe8 12. Qe2 e6 13. d5 exd5 14. Nxd5 Nxd5 15. Bxd5 Nb4 16. Bb3 Rxd1+ 17. Rxd1 Bc5 18. Qf3 Bxe3+ 19. fxe3 g6 20. a3 Na6 21. Rd5 c6 22. Rd6 Nc5 23. Bc4 Qe5 24. Re6 Qc7 25. Rf6 Qb6 26. Rd6 Ne4 27. Rd1 Re8 28. g4 1-0

[Event "GER-ch Net blitz qual1"]
[Site "Playchess.com INT"]
[Date "2021.04.24"]
[Round "10"]
[White "Hansen, Jonas"]
[Black "Stein, Eugen"]
[Result "0-1"]
[WhiteElo "1620"]
[BlackElo "1226"]
[PlyCount "86"]
[EventDate "2021.04.24"]
[EventType "swiss (blitz)"]
[EventRounds "11"]
[EventCountry "GER"]
[SourceTitle "CBM 202 Extra"]
[Source "ChessBase"]
[SourceDate "2021.07.31"]
[SourceVersion "1"]
[SourceVersionDate "2021.07.31"]
[SourceQuality "1"]

1. e4 Nc6 2. d4 e5 3. d5 Nce7 4. Nc3 Nf6 5. Bg5 Ng6 6. Bc4 h6 7. Bxf6 Qxf6 8. Nf3 Bc5 9. 0-0 0-0 10. a3 a6 11. b4 Ba7 12. h3 d6 13. Qe2 Nf4 14. Qe1 Qg6 15. g3 Bxh3 16. Kh2 Bxf1 17. Qxf1 Qh5+ 18. Nh4 Ng6 19. Be2 Qg5 20. Nf3 Qe7 21. Qh3 Bxf2 22. Qg2 Ba7 23. Rf1 f5 24. exf5 Rxf5 25. Nh4 Nxh4 26. gxh4 Qxh4+ 27. Qh3 Qxh3+ 28. Kxh3 Rxf1 29. Bxf1 Rf8 30. Be2 Rf2 31. Kg3 Rf4 32. b5 Bd4 33. Nd1 axb5 34. Bxb5 g5 35. c3 Bc5 36. a4 h5 37. Be2 h4+ 38. Kg2 Rxa4 39. Nb2 Ra2 40. Kf3 Rxb2 41. Bd3 Rb3 42. Bf5 Rxc3+ 43. Ke4 Rc1 0-1